00355 2200157 4500001002100000005001500021035002000036245002100056100001100077300001200088260004100100082000800141084001400149020002200163990001200185INLIS00000000000174820250505020333 a0010-05250000401 aAreksa /cItakrn0 aItakrn a272 hlm aDepok :bAkad Media Cakrawala,c2021 a813 a813 ITA a a978-623-96080-8-8 a0754619